Statistics for NBA 2018-19 March Players 15 Rebounds Games

Click here to take the quiz!

General Stats

  • This quiz has been taken 15 times
  • The average score is 27 of 39

Answer Stats

PlayerTeam#% Correct
Andre DrummondPistons12
100%
Clint CapelaRockets6
100%
Giannis AntetokounmpoBucks3
100%
Hassan WhitesideHeat1
100%
Joel Embiid76ers4
100%
Karl-Anthony TownsTimberwolves4
100%
LaMarcus AldridgeSpurs3
100%
Nikola JokicNuggets4
100%
Nikola VucevicMagic3
100%
Rudy GobertJazz4
100%
Steven AdamsThunder2
100%
Bam AdebayoHeat3
93%
Jonas ValanciunasGrizzlies3
93%
Kevin LoveCavaliers3
93%
Blake GriffinPistons1
86%
Jusuf NurkicTrail Blazers4
86%
Myles TurnerPacers1
86%
Ed DavisNets1
79%
Willie Cauley-SteinKings1
79%
Ben Simmons76ers1
71%
DeAndre JordanKnicks3
71%
Derrick FavorsJazz2
71%
JaVale McGeeLakers3
71%
John CollinsHawks1
64%
Serge IbakaRaptors1
64%
Paul MillsapNuggets1
57%
Domantas SabonisPacers1
50%
Luka DoncicMavericks1
50%
Mitchell RobinsonKnicks1
50%
Enes KanterTrail Blazers1
43%
Ivica ZubacClippers1
43%
Lauri MarkkanenBulls1
43%
Thomas BryantWizards1
36%
Jabari ParkerWizards1
21%
Nemanja BjelicaKings1
21%
Danilo GallinariClippers1
14%
DeMar DeRozanSpurs1
14%
Bonzie ColsonBucks1
7%
Elfrid PaytonPelicans1
7%

Score Distribution

Percentile by Number Answered

Percent of People with Each Score

Your Score History

You have not taken this quiz